| 000 | 00627nam a22002177a 4500 | ||
|---|---|---|---|
| 005 | 20170124110107.0 | ||
| 010 | _a288895 | ||
| 020 | _c00.00 | ||
| 035 | _a288895 | ||
| 037 | _bCen Lib/Ret | ||
| 040 |
_aDPL _bEN |
||
| 082 |
_a973 _bBUI |
||
| 245 |
_aBuilding a free nation / _cby Clyde B.Moore...[et al.]. |
||
| 260 |
_bCharles Scribner's Sons _c1955 _aNew York |
||
| 300 |
_aIvi,552p. : _c23cm(Hb) _bill. |
||
| 490 | _aScibner Social Studies Series | ||
| 650 |
_aUnited States -- History _927060 |
||
| 650 |
_aUnited States _931267 |
||
| 700 |
_aMoore, Clyde B. _928340 |
||
| 942 |
_2ddc _cEN _h973 _mBUI |
||
| 999 |
_c130118 _d130118 |
||